000 00220nmm a2200085Ia 4500
008 220120s9999||||xx |||||||||||||||||und||
100 _aEmbedded For You
245 0 _aEmbedded for you
260 _aEmbedded for you
_bNew delhi
999 _c139937
_d139937